A dictionary of fishes /

Bibliographic Details
Main Author: Allyn, Rube, 1901-1968
Format: Book
Language:English
Published: St. Petersburg, Fla. : Great Outdoors Pub. Co., [1967]
Edition:11th ed.
Subjects:

MARC

Tag First Indicator Second Indicator Subfields
LEADER 00000cam a2200000 4500
001 in00000617021
005 20151015051501.0
008 750212s1967 flua b 00110 eng d
020 |a 0820001015 
035 |a (OCoLC)01169077 
035 |9 ACT6882AM 
040 |c SKR  |d TXA  |d UtOrBLW 
049 |a TXAM  |c [1540691] 
090 |a QL615  |b .A4 1967 
100 1 |a Allyn, Rube,  |d 1901-1968. 
245 1 2 |a A dictionary of fishes /  |c by Rube Allyn. 
250 |a 11th ed. 
264 1 |a St. Petersburg, Fla. :  |b Great Outdoors Pub. Co.,  |c [1967] 
264 4 |c [©1967] 
300 |a 128 pages :  |b illustrations (part color) ;  |c 28 cm. 
336 |a text  |b txt  |2 rdacontent 
337 |a unmediated  |b n  |2 rdamedia 
338 |a volume  |b nc  |2 rdacarrier 
500 |a Includes index. 
504 |a Bibliography on end paper. 
650 0 |a Fishes  |x Dictionaries. 
740 0 |a Fishes. 
999 |a MARS 
999 f f |s b1df6946-9d7c-3cad-ad15-717f6cbb4f42  |i 9c5d5dda-e5dd-3302-9747-98ec98df3134  |t 0 
952 f f |p ric  |a Texas A&M University  |b Rellis Campus  |c Joint Library Facility  |d Remote Storage  |t 0  |e QL615 .A4 1967  |h Library of Congress classification  |i unmediated -- volume  |m A14804954965 
998 f f |a QL615 .A4 1967  |t 0  |l Remote Storage